| 000 | 01389nam a2200313 i 4500 | ||
|---|---|---|---|
| 003 | EG-GICUC | ||
| 005 | 20260504103724.0 | ||
| 008 | 260504s1958 ua aaaafr|||| 00| 0 ara d | ||
| 040 |
_a EG-GICUC _bara _c EG-GICUC _d EG-GICUC _erda |
||
| 041 | 0 | _aara | |
| 082 | 0 | 4 |
_221 _a345665 _bم ح . ت |
| 092 | 0 | 4 | _221 |
| 099 | _aLaw1 07 345665 م ح . ت 1958 | ||
| 100 | 0 |
_aمحمد عبد المنعم عباس _eمؤلف. |
|
| 245 | 1 | 2 |
_aالتنفيذ الإداري : _bعلى المنقول لدى الممول ولدى الغير مع دراسة شاملة جامعة مبسطة لفكرة استحقاق الضريبة واقتضائها... / _cمحمد عبد المنعم عباس. |
| 264 | 1 |
_aالإسكندرية : _bالناشر: ادجار ج. ديلاك ؛ التوزيع: منشأة المعارف. _c1958. |
|
| 300 |
_a304 صفحة _bجداول ؛ _c24 سم |
||
| 336 |
_2rda content _atext |
||
| 337 |
_2rda media _aComputer |
||
| 338 |
_2rda carrier _aOnline Resource |
||
| 504 | _aيشتمل على إرجاعات ببليوجرافية وكشاف. | ||
| 546 | _aالنص باللغة العربية | ||
| 650 | 1 |
_aالقانون الإداري _2qrmak |
|
| 650 | 1 | _aالتنفيذ المباشر للقرار الإداري | |
| 651 | 1 | _2qrmak | |
| 856 | 4 | 0 | _uhttps://fll.law.cu.edu.eg/fulltext/bks/B07-02206.pdf |
| 905 | _a167 | ||
| 942 |
_2ddc _cBK _e21 _n0 |
||
| 999 |
_c75454 _d75454 |
||